Statistics for Top 10 Countries that Produce the Most Bananas

Click here to take the quiz!

General Stats

  • This quiz has been taken 1,568 times
  • The average score is 5 of 10

Answer Stats

# TonnesCountry% Correct
6 milBrazil
90%
12 milChina
79%
27 milIndia
79%
5.3 milIndonesia
73%
8 milPhilippines
45%
5.9 milEcuador
42%
3.1 milGuatemala
28%
2.6 milTanzania
27%
3.0 milAngola
18%
2.2 milBurundi
4%

Score Distribution

Percentile by Number Answered

Percent of People with Each Score

Your Score History

You have not taken this quiz